California Mennonites /

Bibliographic Details
Main Author: Froese, Brian, 1969- (Author)
Corporate Author: ProQuest (Firm)
Format: eBook
Language:English
Published: Baltimore : Johns Hopkins University Press, [2015]
Subjects:
Online Access:Connect to the full text of this electronic book

MARC

Tag First Indicator Second Indicator Subfields
LEADER 00000cam a2200000Ki 4500
001 in00003883021
006 m o d
007 cr cnu---unuuu
008 141218s2015 mdu ob 001 0 eng d
005 20221130131520.2
020 |a 9781421415130  |q electronic bk. 
020 |a 1421415135  |q electronic bk. 
020 |z 9781421415123 
020 |z 1421415127 
020 |z 1421415135  |q electronic bk. 
024 8 |a 99974028911 
035 |a (NhCcYBP)ebc3318858 
035 |a in00003883021 
040 |a NhCcYBP  |c NhCcYBP  |d UtOrBLW 
043 |a n-us-ca 
050 4 |a BX8117.C2  |b F76 2015 
072 7 |a REL  |x 094000  |2 bisacsh 
082 0 4 |a 289.7/794  |2 23 
084 |a REL043000  |a SOC026000  |a HIS054000  |2 bisacsh 
100 1 |a Froese, Brian,  |d 1969-  |e author.  |0 http://id.loc.gov/authorities/names/n2014036228 
245 1 0 |a California Mennonites /  |c Brian Froese. 
264 1 |a Baltimore :  |b Johns Hopkins University Press,  |c [2015] 
300 |a 1 online resource. 
336 |a text  |b txt  |2 rdacontent 
337 |a computer  |b c  |2 rdamedia 
338 |a online resource  |b cr  |2 rdacarrier 
504 |a Includes bibliographical references and index. 
505 0 |a Going to California: the Mennonite migration -- Alone in the garden: boosters, migrants, and refugees -- Urban dystopia and divine nature: the early Mennonite colonies -- Outsiders from within: defining California Mennonite identity -- New neighbors: confronting racial and religious pluralism -- From sewing circles to missionary societies: the public roles of women in the church -- Peaceful patriots: California Mennonites during World War II -- Socially active Mennonitism and mental health: the origins of Kings View Homes -- Feeding the hungry: a story of piety and professionalization -- Protect and assimilate: evangelical education in California -- Labor tensions: Mennonite growers, the UFW, and the farm labor problem -- From digging gold to saving souls: the transformation of California Mennonite identity -- Epilogue. a new breed of Mennonites. 
588 |a Description based on online resource; title from digital title page (viewed on December 22, 2014). 
500 |a Electronic resource. 
650 0 |a Mennonites  |z California  |x History. 
651 0 |a California  |x Church history. 
655 7 |a Electronic books.  |2 local 
710 2 |a ProQuest (Firm)  |0 http://id.loc.gov/authorities/names/n2007068018 
776 1 8 |i Print version:  |a Froese, Brian, 1969- author.  |t From digging gold to saving souls  |z 9781421415123  |w (DLC) 2014002821 
856 4 0 |u https://ebookcentral.proquest.com/lib/tamucs/detail.action?docID=3318858  |y Connect to the full text of this electronic book  |t 0 
955 |a YBP purchased DDA e-records 
980 |b 74.93  |g 1 
987 |a ybp11997612 
999 f f |s 9281e7d0-72a8-42f6-8567-e6ea0e0c48f4  |i 9ecd72e4-cb64-31ea-b808-3cacd0efaadb  |t 0 
952 f f |a Texas A&M University  |b College Station  |c Electronic Resources  |d Available Online  |t 0  |e BX8117.C2 F76 2015  |h Library of Congress classification 
998 f f |a BX8117.C2 F76 2015  |t 0  |l Available Online